Využití hodnotových nástrojů ve vnitropodnikovém řízení
Hodnotové (finančné) nástroje v zodpovednostnom účtovníctve, klasifikácia a zhodnotenie základných typov vnútropodnikových (odovzdávacích) cien. Sledovanie skutočných nákladov vnútropodnikových útvarov. Stanovenie výnosov vnútropodnikových útvarov, vnútropodnikové ceny (VPC). Teoretické východiská a...
Enregistré dans:
| Auteur principal: | |
|---|---|
| Format: | Chapitre de livre |
| Langue: | tchèque |
| Sujets: | |
| Tags: |
Pas de tags, Soyez le premier à ajouter un tag!
|
MARC
| LEADER | 00000naa a2200000 4500 | ||
|---|---|---|---|
| 001 | r017247 | ||
| 005 | 20240411081159.9 | ||
| 041 | 0 | |a cze | |
| 044 | |a CZ | ||
| 245 | 1 | 0 | |a Využití hodnotových nástrojů ve vnitropodnikovém řízení |c Bohumil Král |
| 520 | |a Hodnotové (finančné) nástroje v zodpovednostnom účtovníctve, klasifikácia a zhodnotenie základných typov vnútropodnikových (odovzdávacích) cien. Sledovanie skutočných nákladov vnútropodnikových útvarov. Stanovenie výnosov vnútropodnikových útvarov, vnútropodnikové ceny (VPC). Teoretické východiská a praktické aspekty stanovenia VPC. Vnútropodnikový výsledok hospodárenia. Vnútropodniková banka ako využitie peňažných tokov vo vnútropodnikovom riadení. Anglické a české ekvivalenty dôležitých českých termínov. | ||
| 610 | 2 | 0 | |a účtovníctvo vnútropodnikové |
| 610 | 2 | 0 | |a riadenie vnútropodnikové |
| 610 | 2 | 0 | |a manažment |
| 610 | 2 | 0 | |a strediská hospodárske |
| 610 | 2 | 0 | |a útvary podnikové |
| 610 | 2 | 0 | |a nástroje riadenia |
| 610 | 2 | 0 | |a manažment hodnotový |
| 610 | 2 | 0 | |a nástroje finančné |
| 610 | 2 | 0 | |a kalkulácia nákladov |
| 610 | 2 | 0 | |a náklady |
| 610 | 2 | 0 | |a ceny vnútropodnikové |
| 100 | 1 | |a Král, Bohumil | |